000 00273nam a2200109Ia 4500
008 200302s9999 xx 000 0 und d
100 _aAnne Dye & Mike Mcevoy
245 _aEnvirnmental Construction Handbook
260 _bRiba Publishing
260 _c2008
300 _a322 P.,
999 _c5776
_d5776